Fr. Conceicao Rodrigues College of Engineering

Motor Rewinding (Record no. 26855)

MARC details
000 -LEADER
fixed length control field 00310nam a2200145Ia 4500
100 ## - MAIN ENTRY--PERSONAL NAME
Personal name Shah/Prakash
245 ## - TITLE STATEMENT
Title Motor Rewinding
260 ## - PUBLICATION, DISTRIBUTION, ETC.
Name of publisher, distributor, etc. Arna Vidyuth Shala
Place of publication, distribution, etc. Pune
Date of publication, distribution, etc. 1990
300 ## - PHYSICAL DESCRIPTION
Extent 272
546 ## - LANGUAGE NOTE
Language note MARATHI
650 ## - SUBJECT ADDED ENTRY--TOPICAL TERM
Topical term or geographic name entry element Electrical Engineering
654 ## - SUBJECT ADDED ENTRY--FACETED TOPICAL TERMS
Focus term Rewinding
942 ## - ADDED ENTRY ELEMENTS (KOHA)
Koha item type Reference Book
Holdings
Withdrawn status Lost status Damaged status Not for loan Collection Home library Current library Shelving location Date acquired Total Checkouts Full call number Barcode Date last seen Price effective from Koha item type
        AFT Fr. Agnel's C.Rodrigues College of Engineering Fr. Agnel's C.Rodrigues College of Engineering   17/03/2023   AFT6106 17/03/2023 17/03/2023 Reference Book